000 00968cab a2200265 4500
001 ABS48438
008 090401t1993 xxu||||| |||| 00| 0 eng d
035 _a(Sirsi) u66714
041 _aeng
245 _aProperty and construction insurance
260 _c1993
350 _a0
490 _aCSW - The Property Week
_v1 April 1993, 56
520 _aFour articles on commercial property and construction insurance looks at the lessons which can be learn from recent losses such as the Minster Court fire and the IRA City bomb in April 1992, advises on dealing with insurance brokers, examines the role of a loss adjustor concluding with a focus on terrorism insurance.
650 _aBOMBS
650 _aPROPERTY-COMMERCIAL PROPERTY
650 _aDISASTER PLANNING
650 _aPROFESSIONAL BRIEFING
650 _aRISKS
650 _aTERRORISM COVER
650 _aTERRORIST ATTACKS
690 _aInsurance
_96249
942 _n0
948 _c04/03/1997
999 _c41677
_d41677